LEADER 01474nam a2200289 4500 001 000000342963 003 CaOOAMICUS 005 20201116120759.0 008 201116s2016 it a 001 u ita r 020 $a978-88-10-21401-5 040 $aSeMil$bita 245 10$aRitornare a Trento :$btracce agostiniane sulle strade del Concilio Tridentino /$ca cura di Stefano Zeni, Chiara Curzel. 264 1$aBologna :$bEDB,$ccopyr. 2016. 300 $a163 p. :$bill. ;$c21 cm 518 $aAtti del Convegno tenuto a Trento nel 2015 550 $aIl Volume è stato pubblicato con il contributo del Dipartimento di Lettere e Filosofia dell'Università degli Studi di Trento 650 4$aConcilio di Trento <1545-1563>.$0(OLS)http://semarc/subject/58 700 1 $aCurzel, Chiara.$0(OLS)http://semarc/name/112448 700 1 $aZeni, Stefano,$d<1973- >.$0(OLS)http://semarc/name/94925 711 0 $aStudio Teologico Accademico di Trento$d< 2015 ;$cTrento>.$0(OLS)http://semarc/name/112449 830 0$aEchi teologici [EDB].$0(OLS)http://semarc/title/431893 850 $aSeMil 852 $aSeMil$W1$xVenegono$y1$m2D II 559$j222921$B233879$CSeMilBibl$Z2$F233879 $81 996 $6020$a978-88-10-21401-5$9(OLS)http://semarc/number/291642 996 $6245$aRitornare a Trento :$btracce agostiniane sulle strade del Concilio Tridentino$9(OLS)http://semarc/title/431892 996 $6264$aBologna :$bEDB$9(OLS)http://semarc/publisher/29669 LEADER 01020nam a2200253 i 4500 001 000000073560 003 CaOOAMICUS 005 20250910145649.0 008 090707s1975 ne u000 u mul u 013 $a44732 020 $a0-7204-6156-1 040 $aSeMil$bita 245 10$a1.5. 260 $aAmsterdam ; Oxford :$bNorth Holland,$c1975. 300 $aVIII, 362 p. ;$c26 cm. 500 $aContiene: Parabolae sive similia, Encomium matrimonii / ed. J.-C. Margolin. 700 1 $aMargolin, Jean-Claude <1923- >.$0(OLS)http://semarc/name/30571 773 0 $tOpera omnia Desiderii Erasmi Roterodami. [Ordo primus].$dAmsterdam [etc.] : North Holland, 1969.$g5$w()6437 850 $aSeMil 852 $aSeMil$W1$xVenegono$y1$m2Q VI 37/5$j39712$B39712$CSeMilBibl$Z2$F39716 $81 996 $6020$a0-7204-6156-1$9(OLS)http://semarc/number/53062 996 $6245$a1.5$9(OLS)http://semarc/title/118783 996 $6260$aAmsterdam ; Oxford :$bNorth Holland$9(OLS)http://semarc/publisher/43111